Entrepreneurial management /

Bibliografiske detaljer
Andre forfattere: Bhargava, Shivganesh, 1959-
Format: Bog
Sprog:English
Udgivet: New Delhi ; Thousand Oaks : Response Books, c2008.
Fag:
Classic Catalogue: View this record in Classic Catalogue
LEADER 01193nam a2200289 a 4500
001 15146979
003 BD-DhAAL
005 20250629130039.0
008 091112s2008 ii a b 001 0 eng d
010 |a  2008002615 
020 |a 9780761936152 (hbk.) 
020 |a 9788178297798 
040 |a DLC  |c DLCdDLC  |d BD-DhAAL 
082 0 0 |a 658.4/21  |2 22 
245 0 0 |a Entrepreneurial management /  |c edited by Shivganesh Bhargava. 
260 |a New Delhi ;  |a Thousand Oaks :  |b Response Books,  |c c2008. 
300 |a 344 pages :  |b illustrations ;  |c 23 cm. 
504 |a Includes bibliographical references and index. 
526 |a BBS  |x Requisitioned by Faculties of BBS Course name and no : N/A 
541 1 |a Karim International  |e 00019548 
650 0 |a Entrepreneurship. 
650 0 |a Management. 
700 1 |a Bhargava, Shivganesh,  |d 1959-  |9 58585 
852 4 |a Ayesha Abed Library   |j General Shelf. 
942 |2 ddc  |c BK 
999 |c 5480  |d 5480 
952 |0 0  |1 0  |2 ddc  |4 0  |6 658_421000000000000_ENT  |7 0  |9 5353  |a BRACUL  |b BRACUL  |c GEN  |d 2009-11-10  |e Karim International  |g 675.00  |l 1  |m 5  |o 658.421 ENT  |p 3010019548  |r 2014-01-23  |s 2012-10-25  |t 1  |w 2009-11-15  |y BK  |x Requisitioned by Faculties of BBS. Course name and no. "not available".